000 00538nam a2200217Ia 4500
003 OSt
005 20220926040200.0
006 a|||||r|||| 00| 0
007 ta
008 220923b |||||||| |||| 00| 0 eng d
037 _cGeneral Book
040 _aRTL
_cRTL
_beng
041 _2eng
_aeng
082 _aX:329, J4;J6-;5
100 _aRothschild K W
245 0 _aTheory of wages
260 _c1954
650 _aWages
_9229845
942 _hX:329, J4;J6-;5
_cGB
_2CC
999 _c664075
_d664075